| 000 | 00542nam a2200205Ia 4500 | ||
|---|---|---|---|
| 003 | GCL | ||
| 008 | 140319s9999 xx 000 0 eng d | ||
| 040 |
_aGCL / _cGCL |
||
| 082 | 0 | 4 |
_aCH _b823 _bC M |
| 100 | 1 | _aCOCO, EUGENE BRADLEY | |
| 245 | 1 | 0 |
_aTHE MAGIC CLOWN / _cCOCO, EUGENE BRADLEY |
| 700 | 1 | _aPAVIA, CATHY | |
| 260 |
_a[S.N] : _bMC CLANAHAN BOOK COMPANY ، _c1993 |
||
| 650 | 0 | 4 | _aENGLISH LITERATURE |
| 650 | 0 | 4 | _aLITERATURE |
| 650 | 0 | 4 | _aENGLISH FICTION |
| 650 | 0 | 4 | _aFICTION |
| 650 | 0 | 4 | _aCHILDREN - FICTION |
| 942 |
_2ddc _cBK |
||
| 999 |
_c14635 _d14635 |
||